000 00382nam a2200145Ia 4500
008 231217s9999 xx 000 0 und d
041 _aEnglish
082 _a001.6424WIN WOO;1 R
100 _aWoodcock, Jo Anne
245 0 _aIntroducing microsoft exchange 2000 server
260 _c2000
_bNew Delhi : PHI,
300 _axiii+300
650 _awindows 2000server
942 _cAA
999 _c167606
_d167606